Buyers and borrowers : the application of consumer theory to the study of library use

Bibliographic Details
Main Author: Emery, Charles D
Format: Book
Published: New York : The Haworth Press , 1993
Subjects:

MARC

LEADER 00000cam a2200000 7i4500
001 0000002003
005 20011106.0
020 |a 1560241837 
090 0 0 |a 025.58   |b EME 
100 1 |a Emery, Charles D 
245 1 0 |a Buyers and borrowers :   |b the application of consumer theory to the study of library use   |c Charles D .Emery 
260 |a New York :   |b The Haworth Press ,   |c 1993 
300 |a 188p. ;   |c 22cm. 
650 0 0 |a Library usse studies   |x Methodology 
999 |a 033762   |b BUKU   |c RUJUKAN   |e PERPUSTAKAAN KOMUNITI PETALING JAYA